Markt-Bearbeitung in liberalisierenden RGW-Ländern. 8. <Ein> Appell: Bekämpfen Sie die Berater-Pest.
Záplava poradcov a konzultantov i pochybnej úrovne, ktorí ponúkajú svoje služby v bývalých socialistických krajinách. Komplikovaná situácia pri prechode z plánovaného hospodárstva na trhové mechanizmy, ktorá si vyžaduje individuálny, na príslušné podniky prispôsobený marketing.
Salvato in:
| Autore principale: | |
|---|---|
| Natura: | Capitolo di libro |
| Lingua: | tedesco |
| Soggetti: | |
| Tags: |
Nessun Tag, puoi essere il primo ad aggiungerne!!
|
MARC
| LEADER | 00000naa a2200000 4500 | ||
|---|---|---|---|
| 001 | r004084 | ||
| 005 | 20221208122846.1 | ||
| 041 | 0 | |a ger | |
| 044 | |a DE | ||
| 245 | 1 | 0 | |a Markt-Bearbeitung in liberalisierenden RGW-Ländern. 8. |b <Ein> Appell: Bekämpfen Sie die Berater-Pest. |c K.H. Strothmann |
| 520 | |a Záplava poradcov a konzultantov i pochybnej úrovne, ktorí ponúkajú svoje služby v bývalých socialistických krajinách. Komplikovaná situácia pri prechode z plánovaného hospodárstva na trhové mechanizmy, ktorá si vyžaduje individuálny, na príslušné podniky prispôsobený marketing. | ||
| 610 | 2 | 0 | |a mechanizmus trhový |
| 610 | 2 | 0 | |a marketing |
| 610 | 2 | 0 | |a východná Európa |
| 610 | 2 | 0 | |a poradenstvo |
| 100 | 1 | |a Strothmann, K.H. | |